LEADER 02817 am 22005293u 450 001 996198546503316 005 20201214120520.0 035 $a(CKB)3450000000002852 035 $a(SSID)ssj0000985932 035 $a(PQKBManifestationID)11546493 035 $a(PQKBTitleCode)TC0000985932 035 $a(PQKBWorkID)10932784 035 $a(PQKB)10466829 035 $a(OCoLC)701752619 035 $a(WaSeSS)Ind00074576 035 $a(EXLCZ)993450000000002852 100 $a20160829h20062006 uy 0 101 0 $ager 135 $aurmn#nnn||||| 181 $ctxt$2rdacontent 182 $cc$2rdamedia 183 $acr$2rdacarrier 200 10$aHelmut Hasse und Emmy Noether $edie Korrespondenz 1925-1935 /$f[herausgegeben und kommentiert von] Franz Lemmermeyer und Peter Roquette 210 1$aGo?ttingen :$cUniversitätsverlag Göttingen,$d2006. 210 4$d©2006 215 $a1 online resource (301 pages) $cillustrations, portraits; digital, PDF file(s) 225 0 $aOpen Access e-Books 225 0 $aKnowledge Unlatched 311 08$aPrint version: 9783938616352 320 $aIncludes bibliographical references (pages 249-266) and indexes. 330 $aThis book reproduces the complete extant correspondence between Emmy Noether and Helmut Hasse. There are 82 such letters, of which 79 are from Noether to Hasse, dating from 1925 until Noether's sudden death in 1935. The correspondence reflects a crucial period in the development of 20th century algebra and number theory, in particular class field theory. Details of proofs appear alongside with conjectures and speculations. Also discussed are questions of textbook presentation, e.g., of Galois theory. Aside from mathematical details, the spontaneity of Noether's style allows many glimpses at the image that Emmy Noether and Helmut Hasse had of the topics they were working in. The Hasse - Noether correspondence is a rich source for those who are interested in the rise and the development of mathematical notions and ideas. Each letter is accompanied by a detailed commentary supplied by the editors. For the convenience of the reader, numerous cross-references, extended indexes, and short biographies of all persons mentioned in the correspondence have been added. 606 $aMathematicians$zGermany$vCorrespondence 606 $aClass field theory$xHistory 608 $bElectronic books. 615 0$aMathematicians 615 0$aClass field theory$xHistory. 676 $a512.0092 700 $aHasse$b Helmut$f1898-1979,$040862 702 $aLemmermeyer$b Franz$f1962-, 702 $aRoquette$b Peter$f1927-, 801 0$bPQKB 801 2$bAuAdUSA 801 2$bUkMaJRU 906 $aBOOK 912 $a996198546503316 996 $aHelmut Hasse und Emmy Noether$92023443 997 $aUNISA LEADER 01166nam0 22002891i 450 001 UON00515594 005 20231205105520.45 010 $a37-7201-024-5 100 $a20230703d1974 |0itac50 ba 101 $ager 102 $aDE 105 $a|||| ||||| 200 1 $aDenk- und Stilformen des Expressionismus$fChristoph Eykman 210 $aMünchen$cFrancke$d[c1974] 215 $a192 p.$d19 cm 410 1$1001UON00388030$12001 $aUTB Sprachwissenschaft$1210 $aTübingen und Basel$cA. Francke$v256 606 $aLetteratura tedesca$xSec. 20.$3UONC062194$2FI 620 $aDE$dMünchen$3UONL003025 676 $a830.9009$cLetteratura tedesca. storia, descrizione, studi critici. 1900-$v22 700 1$aEYKMAN$bChristoph$3UONV214464$0203541 712 $aFrancke$3UONV248986$4650 801 $aIT$bSOL$c20251003$gRICA 899 $aSIBA - SISTEMA BIBLIOTECARIO DI ATENEO$2UONSI 912 $aUON00515594 950 $aSIBA - SISTEMA BIBLIOTECARIO DI ATENEO$dSI F. Goethe 830 EYK 2271 $eSI 43889 5 2271 996 $aDenk- und Stilformen des Expressionismus$994532 997 $aUNIOR